South Eastern Kenya University

Library Online Public Access Catalogue


Development cooperation and emerging powers : (Record no. 12176)

MARC details
000 -LEADER
fixed length control field 00878cam a2200265 a 4500
001 - CONTROL NUMBER
control field 17418560
003 - CONTROL NUMBER IDENTIFIER
control field OSt
005 - DATE AND TIME OF LATEST TRANSACTION
control field 20160321114520.0
008 - FIXED-LENGTH DATA ELEMENTS--GENERAL INFORMATION
fixed length control field 120806s2012 enkab b 001 0 eng d
010 ## - LIBRARY OF CONGRESS CONTROL NUMBER
LC control number 2011279234
020 ## - INTERNATIONAL STANDARD BOOK NUMBER
International Standard Book Number 9781780320632 (Paper)
020 ## - INTERNATIONAL STANDARD BOOK NUMBER
International Standard Book Number 9781780320649
040 ## - CATALOGING SOURCE
Original cataloging agency SEKU
050 00 - LIBRARY OF CONGRESS CALL NUMBER
Classification number HD 3575
Item number .C43
100 ## - MAIN ENTRY--PERSONAL NAME
Relator code Chaturvedi, Sachin
245 00 - TITLE STATEMENT
Title Development cooperation and emerging powers :
Remainder of title new partners or old patterns? /
Statement of responsibility, etc. edited by Sachin Chaturvedi, Thomas Fues and Elizabeth Sidiropoulos.
260 ## - PUBLICATION, DISTRIBUTION, ETC. (IMPRINT)
Place of publication, distribution, etc. London ;
-- New York :
Name of publisher, distributor, etc. Zed Books,
Date of publication, distribution, etc. 2012.
300 ## - PHYSICAL DESCRIPTION
Extent xii, 276 p. :
Other physical details ill., maps ;
500 ## - GENERAL NOTE
General note Includes index.
650 #0 - SUBJECT ADDED ENTRY--TOPICAL TERM
Topical term or geographic name as entry element Cooperation
General subdivision Economic aspects
Geographic subdivision Developing countries.
650 #0 - SUBJECT ADDED ENTRY--TOPICAL TERM
Topical term or geographic name as entry element Economic assistance
Geographic subdivision Developing countries.
700 1# - ADDED ENTRY--PERSONAL NAME
Personal name Fues, Thomas.
700 1# - ADDED ENTRY--PERSONAL NAME
Personal name Sidiropoulos, Elizabeth.
942 ## - ADDED ENTRY ELEMENTS (KOHA)
Source of classification or shelving scheme Library of Congress Classification
Koha item type General circulation
Holdings
Withdrawn status Lost status Source of classification or shelving scheme Damaged status Not for loan Home library Current library Shelving location Date acquired Source of acquisition Total Checkouts Full call number Barcode Date last seen Price effective from Koha item type Public note
    Library of Congress Classification     Mtito Andei Centre Library Mtito Andei Centre Library General Stacks 21/03/2016 Donations - Books for Africa   HD 3575 .C43 2016/015818 21/03/2016 21/03/2016 General circulation 3kwa
Kitui, Kenya.
+254736116989
library@seku.ac.ke